000 00823nam a2200325Ia 4500
001 4880
005 20240113233805.0
007 ta
008 050615s1970 g b000 u eng u
020 _cHB
040 _aCotton College Assam
041 _aeng
082 _a491.25
_bBi 54 C
100 _aBiswas, Sukumar .
245 0 _aA Comparative Old Indo-Aryan Grammar /
_cSukumar Biswas.
_hTextual Documents
250 _a1st ed. /
260 _aGuwahati :
_bBani Prakashan ,
_c1970.
300 _a120p. ;
_c21cm.
653 _aIndian and Aryan languages-Grammar
653 _aGrammar-Indo-Aryan
653 _aG-Languages
653 _aT/G-Language
942 _2ddc
_cBK
999 _c4867
_d4867